[Event "Titled Tuesday intern op 04th Jul Early"]
[Site "Chess.com INT"]
[Date "2023.07.04"]
[Round "2"]
[White "Janaszak, Dawid"]
[Black "Rodriguez Polo, Mateo"]
[Result "1-0"]
[WhiteElo "2316"]
[BlackElo "2175"]
[PlyCount "139"]
[EventDate "2023.07.04"]
[EventType "swiss (blitz)"]
[EventRounds "11"]
[EventCountry "USA"]
[SourceTitle "EXT 2024"]
[Source "ChessBase"]
[SourceDate "2023.10.10"]
[SourceVersion "1"]
[SourceVersionDate "2023.10.10"]
[SourceQuality "1"]

1. e4 e6 2. d4 d5 3. Bd3 c5 4. exd5 exd5 5. c3 Nc6 6. Nf3 Bd6 7. dxc5 Bxc5 8. 0-0 Nge7 9. Nbd2 f6 10. Nb3 Bd6 11. Nh4 Be6 12. Re1 Qd7 13. Qe2 Bf7 14. Nf5 0-0 15. Qg4 Nxf5 16. Bxf5 Qc7 17. Bh6 Be8 18. h4 Ne5 19. Rxe5 fxe5 20. Be6+ Kh8 21. Bg5 a5 22. Bxd5 a4 23. Nd2 Qc5 24. Bf3 Bc6 25. Ne4 Bxe4 26. Qxe4 b5 27. a3 Rad8 28. Bxd8 Rxd8 29. Rd1 Be7 30. Rxd8+ Bxd8 31. Qa8 Qd6 32. Bc6 g6 33. Bxb5 Kg7 34. Qe4 Qd1+ 35. Kh2 Bc7 36. Bxa4 Qd2 37. Qc2 Qf4+ 38. g3 Qf6 39. Kg2 Qd6 40. Qe4 Bb6 41. Qc6 Qd8 42. Qd7+ Qxd7 43. Bxd7 Kf6 44. Kf3 Ke7 45. Bc6 Kd6 46. Be4 Bd8 47. h5 gxh5 48. Bxh7 Bg5 49. b3 h4 50. gxh4 Bxh4 51. Ke2 Kc5 52. f3 Bf6 53. Kd3 Bg5 54. Bg6 Bf4 55. b4+ Kb5 56. Be8+ Kb6 57. a4 Bc1 58. c4 Ba3 59. c5+ Kc7 60. Kc4 Bb2 61. Bg6 Bc1 62. Be4 Bg5 63. a5 Be7 64. b5 Kb8 65. b6 Bf6 66. c6 Bd8 67. Kb5 Be7 68. c7+ Kc8 69. Kc6 Bc5 70. b7# 1-0

[Event "Titled Tuesday intern op 27th Jun Early"]
[Site "Chess.com INT"]
[Date "2023.06.27"]
[Round "1"]
[White "Jaskolka, Tomasz"]
[Black "Rodriguez Polo, Mateo"]
[Result "1/2-1/2"]
[WhiteElo "2238"]
[BlackElo "2181"]
[PlyCount "92"]
[EventDate "2023.06.27"]
[EventType "swiss (blitz)"]
[EventRounds "11"]
[EventCountry "USA"]
[SourceTitle "EXT 2024"]
[Source "ChessBase"]
[SourceDate "2023.10.10"]
[SourceVersion "1"]
[SourceVersionDate "2023.10.10"]
[SourceQuality "1"]

1. d4 Nf6 2. Nc3 d6 3. e4 e5 4. Nf3 Nbd7 5. Bc4 Be7 6. 0-0 0-0 7. h3 c6 8. a4 h6 9. Be3 Re8 10. Ba2 Bf8 11. dxe5 dxe5 12. Qe2 Qc7 13. Rfd1 Nc5 14. Re1 Be6 15. Bxe6 Nxe6 16. Rad1 Bb4 17. Qc4 a5 18. Re2 Rad8 19. Red2 Bxc3 20. bxc3 Rxd2 21. Rxd2 Rd8 22. Rxd8+ Nxd8 23. Nd2 Nd7 24. f3 Qd6 25. Kf2 Ne6 26. Qb3 Nec5 27. Qc4 Kf8 28. Nb3 b6 29. Nxc5 Nxc5 30. Bxc5 Qxc5+ 31. Qxc5+ bxc5 32. Ke3 c4 33. f4 f6 34. fxe5 fxe5 35. Kf3 Kf7 36. Kg4 Kg6 37. h4 h5+ 38. Kf3 Kf6 39. g4 g6 40. gxh5 gxh5 41. Ke3 Ke6 42. Kf3 Kd6 43. Ke3 Kc5 44. Kf3 Kd6 45. Ke3 Ke6 46. Kf3 Kd6 1/2-1/2

[Event "Titled Tuesday intern op 27th Jun Early"]
[Site "Chess.com INT"]
[Date "2023.06.27"]
[Round "6"]
[White "Rodriguez Polo, Mateo"]
[Black "Matyukov, Petr"]
[Result "1-0"]
[WhiteElo "2181"]
[BlackElo "2315"]
[PlyCount "105"]
[EventDate "2023.06.27"]
[EventType "swiss (blitz)"]
[EventRounds "11"]
[EventCountry "USA"]
[SourceTitle "EXT 2024"]
[Source "ChessBase"]
[SourceDate "2023.10.10"]
[SourceVersion "1"]
[SourceVersionDate "2023.10.10"]
[SourceQuality "1"]

1. e4 c5 2. Nf3 Nc6 3. Bb5 g6 4. 0-0 Bg7 5. Re1 e5 6. c3 Nge7 7. h3 0-0 8. d3 d6 9. Nbd2 a6 10. Bc4 b5 11. Bb3 Na5 12. Bc2 h6 13. Nf1 Be6 14. Bd2 Nac6 15. a4 Rb8 16. axb5 axb5 17. Ne3 Kh7 18. Ra6 b4 19. cxb4 Nxb4 20. Bxb4 Rxb4 21. Nc4 Nc8 22. Nfd2 d5 23. exd5 Bxd5 24. Nxe5 Rxb2 25. Ndc4 Qg5 26. g3 Rb8 27. h4 Qd8 28. h5 g5 29. d4+ Kg8 30. Qd3 f5 31. Ng6 Be4 32. Rxe4 fxe4 33. Qxe4 Re8 34. Nce5 Qxd4 35. Qf5 Nd6 36. Qd7 Rxe5 37. Rxd6 Re1+ 38. Kg2 Qc3 39. Ne7+ Rxe7 40. Qxe7 Rf8 41. Qe6+ Kh8 42. Bf5 Qf6 43. Qxf6 Rxf6 44. Rxf6 Bxf6 45. Bc2 Kg7 46. Kf3 Kf8 47. Ke4 Ke7 48. Kf5 Bg7 49. Kg6 Kf8 50. f4 Kg8 51. f5 Be5 52. g4 Kh8 53. Bb3 1-0

[Event "Titled Tuesday intern op 27th Jun Early"]
[Site "Chess.com INT"]
[Date "2023.06.27"]
[Round "5"]
[White "Rodriguez Polo, Mateo"]
[Black "Shuvalov, Evgenij"]
[Result "0-1"]
[WhiteElo "2181"]
[BlackElo "2038"]
[PlyCount "78"]
[EventDate "2023.06.27"]
[EventType "swiss (blitz)"]
[EventRounds "11"]
[EventCountry "USA"]
[SourceTitle "EXT 2024"]
[Source "ChessBase"]
[SourceDate "2023.10.10"]
[SourceVersion "1"]
[SourceVersionDate "2023.10.10"]
[SourceQuality "1"]

1. e4 e6 2. d4 d5 3. exd5 exd5 4. Bd3 c5 5. Nf3 c4 6. Be2 Nf6 7. 0-0 Be7 8. b3 cxb3 9. axb3 0-0 10. h3 Bf5 11. Re1 Nc6 12. c4 Bb4 13. Bd2 Re8 14. Na3 a6 15. Nc2 Bxc2 16. Qxc2 Ne4 17. cxd5 Nxd2 18. Nxd2 Nxd4 19. Qd3 Qxd5 20. Bf1 Bxd2 21. Rxe8+ Rxe8 22. Rd1 Qxb3 23. Qxd2 Ne6 24. Qd7 Rf8 25. Rc1 g6 26. Bc4 Qb2 27. Rd1 Rd8 28. Qxd8+ Nxd8 29. Rxd8+ Kg7 30. Rd7 Qc1+ 31. Bf1 b5 32. Rd6 a5 33. Ra6 b4 34. g4 b3 35. Kg2 b2 36. Bd3 b1Q 37. Bxb1 Qxb1 38. Rxa5 Qe4+ 39. Kg1 Qe1+ 0-1

[Event "Titled Tuesday intern op 20th Jun Late"]
[Site "Chess.com INT"]
[Date "2023.06.20"]
[Round "5"]
[White "Aalto, Patrik"]
[Black "Rodriguez Polo, Mateo"]
[Result "0-1"]
[WhiteElo "2226"]
[BlackElo "2181"]
[PlyCount "88"]
[EventDate "2023.06.20"]
[EventType "swiss (blitz)"]
[EventRounds "11"]
[EventCountry "USA"]
[SourceTitle "EXT 2024"]
[Source "ChessBase"]
[SourceDate "2023.10.10"]
[SourceVersion "1"]
[SourceVersionDate "2023.10.10"]
[SourceQuality "1"]

1. d4 e6 2. c4 Bb4+ 3. Nd2 d5 4. e3 Nf6 5. a3 Be7 6. Ngf3 0-0 7. Bd3 c5 8. cxd5 exd5 9. dxc5 Bxc5 10. b4 Bd6 11. 0-0 a5 12. Bb2 Re8 13. Nb3 Nc6 14. b5 Ne5 15. Nbd4 Nxd3 16. Qxd3 Ne4 17. Rac1 a4 18. h3 Bd7 19. Nd2 Nc5 20. Qe2 Qg5 21. N4f3 Qg6 22. Kh1 Nd3 23. Rb1 Nf4 24. Nh4 Nxe2 25. Nxg6 hxg6 26. Rfe1 Bxb5 27. Bxg7 Bd3 28. Rb6 Bc5 29. Rxb7 Kxg7 30. Rc7 Bxa3 31. Nf3 Bd6 32. Rc6 Red8 33. Rd1 Bb5 34. Rc2 a3 35. Rxd5 a2 36. Rxa2 Rxa2 37. g3 Bc4 38. Rd1 Be7 39. Rb1 Rda8 40. Kg2 Ra1 41. Rb7 Bf6 42. h4 Bd5 43. Rc7 Rg1+ 44. Kh3 Bxf3 0-1

[Event "Titled Tuesday intern op 20th Jun Late"]
[Site "Chess.com INT"]
[Date "2023.06.20"]
[Round "11"]
[White "Hajiyev, Kanan"]
[Black "Rodriguez Polo, Mateo"]
[Result "0-1"]
[WhiteElo "2164"]
[BlackElo "2181"]
[PlyCount "38"]
[EventDate "2023.06.20"]
[EventType "swiss (blitz)"]
[EventRounds "11"]
[EventCountry "USA"]
[SourceTitle "EXT 2024"]
[Source "ChessBase"]
[SourceDate "2023.10.10"]
[SourceVersion "1"]
[SourceVersionDate "2023.10.10"]
[SourceQuality "1"]

1. d4 Nf6 2. Nf3 c5 3. c4 cxd4 4. Nxd4 e5 5. Nf3 Nc6 6. Nc3 Bb4 7. Bd2 0-0 8. e3 e4 9. Ng1 d5 10. cxd5 Ne5 11. Nxe4 Nxe4 12. Bxb4 Nxf2 13. Kxf2 Ng4+ 14. Ke2 Re8 15. Bc5 Qf6 16. Nh3 Qxb2+ 17. Ke1 Qc3+ 18. Ke2 Qxc5 19. Rc1 Qxe3# 0-1

[Event "Titled Tuesday intern op 20th Jun Early"]
[Site "Chess.com INT"]
[Date "2023.06.20"]
[Round "7"]
[White "Horak, Martin"]
[Black "Rodriguez Polo, Mateo"]
[Result "1/2-1/2"]
[WhiteElo "2266"]
[BlackElo "2181"]
[PlyCount "130"]
[EventDate "2023.06.20"]
[EventType "swiss (blitz)"]
[EventRounds "11"]
[EventCountry "USA"]
[SourceTitle "EXT 2024"]
[Source "ChessBase"]
[SourceDate "2023.10.10"]
[SourceVersion "1"]
[SourceVersionDate "2023.10.10"]
[SourceQuality "1"]

1. e4 e5 2. Nc3 Nf6 3. Bc4 Nxe4 4. Qh5 Nd6 5. Qxe5+ Qe7 6. Qxe7+ Bxe7 7. Be2 Nf5 8. Nf3 c6 9. g4 Nh4 10. Nxh4 Bxh4 11. Ne4 Be7 12. d4 d5 13. Ng3 g6 14. h4 Bf6 15. c3 Nd7 16. Bh6 Nf8 17. Kd2 Be6 18. f4 0-0-0 19. Raf1 Be7 20. f5 Bd7 21. fxg6 fxg6 22. h5 Bd6 23. Bf4 Bxf4+ 24. Rxf4 Ne6 25. Rf7 Ng5 26. Rg7 Ne6 27. Re7 Nf4 28. Bd1 gxh5 29. Nxh5 Nxh5 30. Rxh5 Rdg8 31. g5 Kd8 32. Rhxh7 Rxh7 33. Rxh7 Rxg5 34. Rh2 Bf5 35. Ke3 Be4 36. Kf4 Rg1 37. Bg4 Ra1 38. Ke5 Kc7 39. a3 Rc1 40. Rf2 Kb6 41. Bc8 Kc7 42. Be6 b5 43. Rf7+ Kb6 44. Kd6 Rc2 45. Rc7 Rxb2 46. Rxc6+ Ka5 47. Bxd5 Bxd5 48. Kxd5 Rb3 49. Ke6 Rxa3 50. d5 b4 51. cxb4+ Kxb4 52. d6 Rd3 53. d7 Rxd7 54. Kxd7 a5 55. Kd6 a4 56. Kd5 a3 57. Kd4 Kb3 58. Rb6+ Kc2 59. Ra6 Kb2 60. Kd3 a2 61. Rb6+ Kc1 62. Ra6 Kb1 63. Rb6+ Kc1 64. Ra6 Kb1 65. Rxa2 Kxa2 1/2-1/2

[Event "Titled Tuesday intern op 20th Jun Early"]
[Site "Chess.com INT"]
[Date "2023.06.20"]
[Round "5"]
[White "Kuznetsova, Olga1111"]
[Black "Rodriguez Polo, Mateo"]
[Result "1-0"]
[WhiteElo "2142"]
[BlackElo "2181"]
[PlyCount "101"]
[EventDate "2023.06.20"]
[EventType "swiss (blitz)"]
[EventRounds "11"]
[EventCountry "USA"]
[SourceTitle "EXT 2024"]
[Source "ChessBase"]
[SourceDate "2023.10.10"]
[SourceVersion "1"]
[SourceVersionDate "2023.10.10"]
[SourceQuality "1"]

1. d4 Nf6 2. Nf3 d5 3. c4 e6 4. Nc3 dxc4 5. Bg5 Bb4 6. e3 b5 7. a4 c6 8. Ne5 Bb7 9. Qf3 h6 10. Bh4 a6 11. Be2 Be7 12. 0-0 0-0 13. axb5 axb5 14. Rxa8 Bxa8 15. Nxb5 cxb5 16. Qxa8 Nbd7 17. Qb7 Qb6 18. Qxb6 Nxb6 19. Nc6 Bd6 20. Ra1 Rc8 21. Bf3 Nfd5 22. Na7 Ra8 23. Ra6 Bc7 24. Bg3 Bxg3 25. hxg3 b4 26. Kf1 c3 27. bxc3 bxc3 28. Ke2 Rb8 29. Nc6 Rc8 30. Rxb6 Nxb6 31. Ne7+ Kf8 32. Nxc8 Nxc8 33. Kd3 Nd6 34. Kxc3 Ke7 35. Kd3 f6 36. e4 e5 37. Bh5 exd4 38. Kxd4 Nb5+ 39. Ke3 Nc7 40. f4 g5 41. Kd4 Nb5+ 42. Kd3 Nc7 43. Be2 Kd6 44. Kd4 Ne6+ 45. Ke3 Nc5 46. Bc4 Nd7 47. Kd4 Nc5 48. e5+ fxe5+ 49. fxe5+ Kc6 50. Bd5+ Kb6 51. e6 1-0

[Event "Titled Tuesday intern op 20th Jun Late"]
[Site "Chess.com INT"]
[Date "2023.06.20"]
[Round "1"]
[White "Principe, Gerson"]
[Black "Rodriguez Polo, Mateo"]
[Result "1-0"]
[WhiteElo "2213"]
[BlackElo "2181"]
[PlyCount "79"]
[EventDate "2023.06.20"]
[EventType "swiss (blitz)"]
[EventRounds "11"]
[EventCountry "USA"]
[SourceTitle "EXT 2024"]
[Source "ChessBase"]
[SourceDate "2023.10.10"]
[SourceVersion "1"]
[SourceVersionDate "2023.10.10"]
[SourceQuality "1"]

1. Nf3 c5 2. e3 g6 3. d4 cxd4 4. exd4 Bg7 5. Bd3 Nf6 6. 0-0 0-0 7. Bg5 d5 8. c3 Nc6 9. Nbd2 Bg4 10. h3 Bxf3 11. Nxf3 h6 12. Bh4 Ne4 13. Bxe4 dxe4 14. Nd2 Qd5 15. Qb3 Qxb3 16. axb3 f5 17. f4 e6 18. b4 a6 19. Nc4 Rfc8 20. Nb6 Rab8 21. Nxc8 Rxc8 22. Bf2 Ne7 23. g3 Nd5 24. Rfe1 Kf7 25. Ra5 Ke8 26. Rc5 Kd7 27. Rxc8 Kxc8 28. Be3 Kc7 29. Kf2 Kc6 30. Ke2 Kb5 31. Kd2 Nb6 32. b3 Kc6 33. Ra1 Nd5 34. Ra5 Nc7 35. c4 Bf8 36. Kc3 b6 37. Ra1 Kb7 38. g4 b5 39. Rg1 Ne8 40. gxf5 1-0

[Event "Titled Tuesday intern op 13th Jun Late"]
[Site "Chess.com INT"]
[Date "2023.06.13"]
[Round "3"]
[White "Ladan, Nicholas John"]
[Black "Rodriguez Polo, Mateo"]
[Result "1-0"]
[WhiteElo "2200"]
[BlackElo "2181"]
[PlyCount "133"]
[EventDate "2023.06.13"]
[EventType "swiss (blitz)"]
[EventRounds "11"]
[EventCountry "USA"]
[SourceTitle "EXT 2024"]
[Source "ChessBase"]
[SourceDate "2023.10.10"]
[SourceVersion "1"]
[SourceVersionDate "2023.10.10"]
[SourceQuality "1"]

1. b4 e5 2. Bb2 Bxb4 3. Bxe5 Nf6 4. c3 Be7 5. g3 d5 6. Bg2 0-0 7. e3 c5 8. Bxf6 Bxf6 9. d4 cxd4 10. cxd4 Nc6 11. Ne2 Qa5+ 12. Qd2 Qd8 13. 0-0 Bf5 14. Nbc3 Be6 15. Nf4 Ne7 16. Rab1 b6 17. Nxe6 fxe6 18. Ne2 Rc8 19. Nf4 Qd6 20. Qd3 e5 21. dxe5 Bxe5 22. Nxd5 Rfd8 23. Nxe7+ Qxe7 24. Qb3+ Kh8 25. Rfd1 Bf6 26. h4 Rxd1+ 27. Rxd1 Rd8 28. Bd5 g6 29. e4 Kg7 30. Rc1 Bd4 31. Qa4 Bc5 32. Qc4 Rf8 33. Qc3+ Kh6 34. Rc2 Qf6 35. Qxf6 Rxf6 36. Kg2 Kg7 37. e5 Rf8 38. f4 Re8 39. Kf3 Re7 40. Ke4 Kf8 41. g4 Kg7 42. Rh2 Bd6 43. a4 a6 44. Rb2 Bc5 45. a5 bxa5 46. Rb8 h6 47. Rg8+ Kh7 48. Ra8 Bb4 49. Rxa6 Rc7 50. e6 Rc1 51. Ke5 Rd1 52. Ra7+ Kh8 53. e7 Re1+ 54. Kf6 Bxe7+ 55. Rxe7 Rxe7 56. Kxe7 Kg7 57. Ba2 g5 58. fxg5 hxg5 59. h5 Kh8 60. Kf6 a4 61. Kxg5 a3 62. h6 Kh7 63. Kh5 Kh8 64. g5 Kh7 65. g6+ Kh8 66. g7+ Kh7 67. g8Q# 1-0

[Event "Titled Tuesday intern op 13th Jun Late"]
[Site "Chess.com INT"]
[Date "2023.06.13"]
[Round "4"]
[White "Melikhov, Evgeny V"]
[Black "Rodriguez Polo, Mateo"]
[Result "1-0"]
[WhiteElo "2271"]
[BlackElo "2181"]
[PlyCount "75"]
[EventDate "2023.06.13"]
[EventType "swiss (blitz)"]
[EventRounds "11"]
[EventCountry "USA"]
[SourceTitle "EXT 2024"]
[Source "ChessBase"]
[SourceDate "2023.10.10"]
[SourceVersion "1"]
[SourceVersionDate "2023.10.10"]
[SourceQuality "1"]

1. d4 Nf6 2. c4 e6 3. Nc3 Bb4 4. Qc2 0-0 5. e4 d5 6. e5 Ne4 7. Nf3 c5 8. Bd3 cxd4 9. Nxd4 Nd7 10. Bf4 Ndc5 11. 0-0 Nxd3 12. Qxd3 Nxc3 13. bxc3 Be7 14. cxd5 exd5 15. Nf5 Bxf5 16. Qxf5 Rc8 17. Rac1 Qa5 18. e6 Bf6 19. exf7+ Kxf7 20. c4 Qxa2 21. cxd5 Rxc1 22. Qe6+ Kg6 23. Rxc1 Qb2 24. h3 h6 25. Qe4+ Kf7 26. Qe6+ Kg6 27. Qe4+ Kf7 28. d6 Re8 29. Qd5+ Kf8 30. d7 Rd8 31. Rc8 Qb1+ 32. Kh2 Qb6 33. Bd6+ Be7 34. Rxd8+ Qxd8 35. Qf5+ Kg8 36. Qe6+ Kf8 37. Qxe7+ Qxe7 38. d8Q+ 1-0

[Event "Titled Tuesday intern op 06th Jun Early"]
[Site "Chess.com INT"]
[Date "2023.06.06"]
[Round "7"]
[White "Dinu, Dumitru Daniel"]
[Black "Rodriguez Polo, Mateo"]
[Result "0-1"]
[WhiteElo "2203"]
[BlackElo "2181"]
[PlyCount "158"]
[EventDate "2023.06.06"]
[EventType "swiss (blitz)"]
[EventRounds "11"]
[EventCountry "USA"]
[SourceTitle "EXT 2024"]
[Source "ChessBase"]
[SourceDate "2023.10.10"]
[SourceVersion "1"]
[SourceVersionDate "2023.10.10"]
[SourceQuality "1"]

1. e4 Nc6 2. d4 d6 3. Nc3 Nf6 4. Nf3 Bg4 5. Be2 e5 6. Be3 Bxf3 7. Bxf3 Nxd4 8. Bxd4 exd4 9. Qxd4 Be7 10. 0-0 0-0 11. Rad1 Nd7 12. Nd5 Bf6 13. Nxf6+ Qxf6 14. Qxf6 Nxf6 15. Rfe1 Rfe8 16. e5 dxe5 17. Bxb7 Rab8 18. Bc6 Re6 19. Bd5 Rd6 20. Bb3 Kf8 21. f3 Rbd8 22. Rxd6 cxd6 23. Kf2 Nd7 24. Rd1 Nc5 25. Bd5 Ke7 26. b3 f5 27. c4 g5 28. Rh1 h5 29. h4 g4 30. fxg4 hxg4 31. g3 Kf6 32. Ke3 Kg6 33. Rd1 Rf8 34. Rf1 Nd7 35. Bc6 Nf6 36. Rd1 Rd8 37. b4 Nh5 38. Kf2 f4 39. gxf4 exf4 40. Rd5 Nf6 41. Rg5+ Kh6 42. Rf5 Rf8 43. c5 dxc5 44. bxc5 Kg7 45. Kg2 f3+ 46. Kg3 Rd8 47. h5 Rd2 48. h6+ Kg6 49. Rf4 Rg2+ 50. Kh4 Rh2+ 51. Kg3 Rh3+ 52. Kf2 Rxh6 53. Be4+ Nxe4+ 54. Rxe4 Rh2+ 55. Kg1 Rg2+ 56. Kf1 Kf5 57. Rd4 Rc2 58. Rd5+ Kf4 59. Rd6 Rxc5 60. Rf6+ Kg3 61. Ke1 Rc2 62. Kd1 Rxa2 63. Rf5 f2 64. Kc1 f1Q+ 65. Rxf1 Ra1+ 66. Kb2 Rxf1 67. Kc2 Rf7 68. Kd3 Rb7 69. Kc4 a5 70. Kd5 a4 71. Kc5 Rb1 72. Kd6 a3 73. Kc6 a2 74. Kd6 a1Q 75. Kd5 Rb4 76. Ke6 Qa5 77. Kd6 Rb6+ 78. Kc7 Qa7+ 79. Kc8 Rb8# 0-1

[Event "Titled Tuesday intern op 06th Jun Early"]
[Site "Chess.com INT"]
[Date "2023.06.06"]
[Round "4"]
[White "Rodriguez Polo, Mateo"]
[Black "Papayan, Oleg"]
[Result "0-1"]
[WhiteElo "2181"]
[BlackElo "2253"]
[PlyCount "68"]
[EventDate "2023.06.06"]
[EventType "swiss (blitz)"]
[EventRounds "11"]
[EventCountry "USA"]
[SourceTitle "EXT 2024"]
[Source "ChessBase"]
[SourceDate "2023.10.10"]
[SourceVersion "1"]
[SourceVersionDate "2023.10.10"]
[SourceQuality "1"]

1. e4 e5 2. Nf3 Nc6 3. Bb5 Nf6 4. d3 Bc5 5. Bxc6 dxc6 6. Nbd2 Be6 7. Qe2 Nd7 8. Nb3 Bb6 9. Be3 Qe7 10. 0-0 f6 11. d4 0-0-0 12. a4 a5 13. Nc5 Nxc5 14. dxc5 Bxc5 15. Rfb1 Bxe3 16. Qxe3 Kb8 17. c3 Bb3 18. Nd2 Qe6 19. Ra3 Bc2 20. Rc1 Bd3 21. b4 Qe7 22. Rb3 Rd7 23. Rb2 Rhd8 24. h3 g5 25. Nb3 axb4 26. Nc5 Bc4 27. Rxb4 Rd1+ 28. Rxd1 Rxd1+ 29. Kh2 b5 30. axb5 cxb5 31. Na6+ Kb7 32. Nc5+ Kc6 33. Na6 Ra1 34. Nb8+ Kb7 0-1

[Event "Titled Tuesday intern op 06th Jun Early"]
[Site "Chess.com INT"]
[Date "2023.06.06"]
[Round "6"]
[White "Rodriguez Polo, Mateo"]
[Black "Sanchez, Roberto Daniel"]
[Result "1-0"]
[WhiteElo "2181"]
[BlackElo "1966"]
[PlyCount "103"]
[EventDate "2023.06.06"]
[EventType "swiss (blitz)"]
[EventRounds "11"]
[EventCountry "USA"]
[SourceTitle "EXT 2024"]
[Source "ChessBase"]
[SourceDate "2023.10.10"]
[SourceVersion "1"]
[SourceVersionDate "2023.10.10"]
[SourceQuality "1"]

1. d4 Nf6 2. c4 g6 3. b3 Bg7 4. Bb2 0-0 5. Nf3 d5 6. g3 c6 7. Bg2 Bf5 8. 0-0 a5 9. Nc3 Na6 10. a3 h6 11. Rc1 Re8 12. Ne5 Rc8 13. h3 h5 14. Kh2 Be6 15. Na4 Nd7 16. f4 Nxe5 17. dxe5 dxc4 18. bxc4 Qc7 19. c5 Ra8 20. Qc2 Red8 21. Nb6 Ra7 22. e4 f6 23. f5 gxf5 24. exf5 Bf7 25. e6 Be8 26. Rcd1 Bh6 27. h4 Be3 28. Rxd8 Qxd8 29. Rd1 Qc7 30. Nd7 Ra8 31. Bc1 Bxc1 32. Qxc1 Rd8 33. Qh6 Nxc5 34. Qf8+ Kh7 35. Qxe7+ Kh6 36. Qxc5 Bxd7 37. exd7 Rxd7 38. Qe3+ Kg7 39. Rxd7+ Qxd7 40. Qf4 Qe7 41. g4 Qxa3 42. g5 Qb4 43. Qc7+ Kf8 44. Qd8+ Kf7 45. Qd7+ Kg8 46. Qd8+ Kh7 47. g6+ Kg7 48. Qd7+ Kf8 49. Qd8+ Kg7 50. Qd7+ Kg8 51. Qf7+ Kh8 52. Qh7# 1-0

[Event "Titled Tuesday intern op 23rd May Late"]
[Site "Chess.com INT"]
[Date "2023.05.23"]
[Round "4"]
[White "Hartikainen, Jarmo"]
[Black "Rodriguez Polo, Mateo"]
[Result "1/2-1/2"]
[WhiteElo "2108"]
[BlackElo "2186"]
[PlyCount "149"]
[EventDate "2023.05.23"]
[EventType "swiss (blitz)"]
[EventRounds "11"]
[EventCountry "USA"]
[SourceTitle "EXT 2024"]
[Source "ChessBase"]
[SourceDate "2023.10.10"]
[SourceVersion "1"]
[SourceVersionDate "2023.10.10"]
[SourceQuality "1"]

1. e4 e5 2. Nf3 Nc6 3. d4 exd4 4. Nxd4 Nf6 5. Nxc6 bxc6 6. e5 Qe7 7. Qe2 Nd5 8. Nd2 f6 9. exf6 Qxe2+ 10. Bxe2 Nxf6 11. 0-0 Bc5 12. Bf3 0-0 13. Re1 d5 14. Nb3 Bb6 15. Be3 Bf5 16. c3 Rae8 17. Bxb6 cxb6 18. a4 a5 19. Nd4 Bd7 20. Kf1 c5 21. Nb5 Bxb5+ 22. axb5 Kf7 23. h3 Rxe1+ 24. Kxe1 Re8+ 25. Kd2 Ne4+ 26. Bxe4 Rxe4 27. f3 Rf4 28. Ke3 g5 29. g3 Rf6 30. Rf1 Re6+ 31. Kd3 Kf6 32. f4 gxf4 33. Rxf4+ Kg6 34. Rg4+ Kf7 35. Rf4+ Rf6 36. Rxf6+ Kxf6 37. b3 Kf5 38. Ke3 Ke5 39. Kd3 h5 40. Ke3 Kf5 41. Kd3 Kg5 42. Ke3 Kg6 43. Kd3 Kf6 44. Ke3 Ke6 45. Kd3 Ke5 46. Ke3 Kf5 47. Kd3 Kg5 48. Ke3 Kg6 49. Kd3 Kf6 50. Ke3 Ke6 51. Kd3 Kd6 52. Ke3 c4 53. bxc4 dxc4 54. Kd2 Ke5 55. Ke3 Kd5 56. g4 hxg4 57. hxg4 Ke5 58. g5 Kf5 59. Kd4 Kxg5 60. Kxc4 Kf5 61. Kd5 Kf6 62. c4 a4 63. c5 a3 64. cxb6 a2 65. b7 a1Q 66. b8Q Qd1+ 67. Kc6 Qc2+ 68. Kb7 Qe4+ 69. Ka7 Qa4+ 70. Kb7 Qxb5+ 71. Kc8 Qe8+ 72. Kb7 Qe7+ 73. Qc7 Qb4+ 74. Qb6+ Qxb6+ 75. Kxb6 1/2-1/2

[Event "Titled Tuesday intern op 23rd May Early"]
[Site "Chess.com INT"]
[Date "2023.05.23"]
[Round "4"]
[White "Rodriguez Polo, Mateo"]
[Black "Begmuratov, Alisher"]
[Result "0-1"]
[WhiteElo "2186"]
[BlackElo "2395"]
[PlyCount "83"]
[EventDate "2023.05.23"]
[EventType "swiss (blitz)"]
[EventRounds "11"]
[EventCountry "USA"]
[SourceTitle "CBM 214 Extra"]
[Source "ChessBase"]
[SourceDate "2023.07.31"]
[SourceVersion "1"]
[SourceVersionDate "2023.07.31"]
[SourceQuality "1"]

1. Nf3 c5 2. c4 Nc6 3. b3 Nf6 4. Bb2 g6 5. g3 Bg7 6. Bg2 0-0 7. 0-0 b6 8. d4 cxd4 9. Nxd4 Bb7 10. Nc3 Qc8 11. Rc1 Nxd4 12. Qxd4 Bxg2 13. Kxg2 Qb7+ 14. f3 h5 15. Nd5 d6 16. Qd2 Ne8 17. Bxg7 Nxg7 18. e4 Rfe8 19. Rfd1 Rac8 20. b4 Ne6 21. a3 b5 22. Ne3 bxc4 23. Qd5 Qa6 24. Nxc4 Rc7 25. b5 Qa4 26. b6 Rc5 27. Qd3 Rec8 28. b7 Rb8 29. Nb2 Qc6 30. Qe3 Rxb7 31. Nd3 Rc2+ 32. Kg1 Qc3 33. Rxc2 Qxc2 34. Rc1 Rb1 35. Rxb1 Qxb1+ 36. Kg2 Qb3 37. Qd2 Qxa3 38. Nb4 Qa5 39. Qc3 Qc5 40. Qa3 a5 41. Nc2 Qxc2+ 42. Kh3 0-1

[Event "Titled Tuesday intern op 23rd May Late"]
[Site "Chess.com INT"]
[Date "2023.05.23"]
[Round "1"]
[White "Rodriguez Polo, Mateo"]
[Black "Denishev, Marat"]
[Result "0-1"]
[WhiteElo "2186"]
[BlackElo "2255"]
[PlyCount "94"]
[EventDate "2023.05.23"]
[EventType "swiss (blitz)"]
[EventRounds "11"]
[EventCountry "USA"]
[SourceTitle "EXT 2024"]
[Source "ChessBase"]
[SourceDate "2023.10.10"]
[SourceVersion "1"]
[SourceVersionDate "2023.10.10"]
[SourceQuality "1"]

1. Nf3 Nf6 2. c4 c5 3. b3 e6 4. Bb2 b6 5. g3 Bb7 6. Bg2 Be7 7. 0-0 0-0 8. Nc3 d5 9. e3 d4 10. exd4 cxd4 11. Nb5 d3 12. Re1 Nc6 13. Ne5 Qc8 14. Nxd3 Rd8 15. Ne5 a6 16. Nxc6 Bxc6 17. Nd4 Bxg2 18. Kxg2 Bc5 19. Nf3 Rd3 20. Qe2 Qd8 21. h3 b5 22. Rad1 bxc4 23. bxc4 Rb8 24. Bc3 Rb7 25. Ne5 Rd6 26. Nf3 Ba7 27. d4 Rc6 28. Ne5 Rc8 29. Ba1 Nd7 30. Nxd7 Rxd7 31. d5 exd5 32. cxd5 Bc5 33. Qg4 Bf8 34. Qf3 Rc2 35. Re2 Rxe2 36. Qxe2 Rxd5 37. Rb1 Rd3 38. Be5 Qd5+ 39. Kh2 Rd2 40. Qe3 Qxa2 41. Rf1 Re2 42. Qd4 a5 43. Kg1 a4 44. Qd8 Rd2 45. Qa8 Qd5 46. Bf4 Qxa8 47. Bxd2 a3 0-1